000 00762nam a22002177a 4500
005 20150708104709.0
008 140714b xxu||||| |||| 00| 0 Urdu d
010 _aUR-9174
020 _c250.00
_a9789350730843
035 _aU-7729
037 _bBPPD/Pub/Ven
040 _aDPL
_bUrdu
082 _a921
100 _aمحمد ا سمعيل آ ز ا د
245 _aا ما م حسن :ا يک قا بل تقليد عبقر ی شخصيت
_cمحمد ا سمعيل آ ز ا د
246 h _aI mam Hasan
_bBy Dr. Mohd. Ismail Azad
260 _bEducational Publishing House
_c2013
_aDelhi
270 _a3108,Vakil Street,Kucha Pandit,Lal Kuan,
_bDelhi
_k23214465
_e110006
300 _a190ص
_c22Cm (Hb)
942 _2ddc
_cUR
_e
_h921
_mم ح م
999 _c94722
_d94722